000 00290nam a22001337a 4500
008 170222b xxu||||| |||| 00| 0 eng d
020 _a9780683301342
041 _aeng
080 _a617
100 _a5
101 _aSHK
245 _aSURGICAL SPECIALTIES
_cLAWRENCE.P.F
942 _2udc
_cBK
999 _c6116
_d6116